000 00312pam a2200133 a 4500
020 _c
041 _aeng
082 _bHAM
100 _aHamilton nacy ,
_eLuttgens kathryn .
245 _aKinesiology
_hTextual Documents
260 _a[s.l]:
_bMcgraw hill Higher education
300 _a620 pg .
930 _a1219
999 _c78144
_d78144